BIBLIOTHÈQUE DE LA MAISON DU MEXIQUE

Logo 1 Logo 2

La cochinilla y otras ficciones breves (notice nᵒ 669)

détails MARC
000 -Sello discográfico
campo de control de longitud fija 01075nam a2200325 4500
005 - Identificación de versión
campo de control 20251017062751.0
010 ## - Número Estándar Internacional de Libros (ISBN)
Número (ISBN) 968-36-7042-3
035 ## - Otros números de control del sistema
Número de control del sistema 27781
099 ## - fechas locales
Tipo de ítem Koha LIBRO
100 ## - Datos de procesamiento general
Datos de procesamiento general 20010102d1999 m y1spay5003 ba
105 ## - Campo de datos codificados: Material textual, monográfico
Datos codificados de monografía y 001ay
200 1# - Título y mención de responsabilidad
Título propio La cochinilla y otras ficciones breves
Designación general del material texto impreso
Primer mención de responsabilidad Guillermo Samperio
Declaración de responsabilidad subsiguiente prólogo Hernán Lara Zavala
-- epílogo entrevista de Marco Antonio Campos
205 ## - Declaración de edición
Declaración de edición 1a ed
210 ## - Publicación, distribución, etc.
Lugar de publicación, distribución, etc. México
Nombre del editor, distribuidor, etc. Universidad Nacional Autónoma de México, Coordinación de Humanidades
Fecha de publicación, distribución, etc. 1999
215 ## - Descripción física
Designación de material específico y extensión del ítem 203 p
Dimensiones 18 cm
345 ## - Nota de información de adquisición
Fuente de adquisición/dirección de la suscripción [OBSOLETO] Donación
410 #1 - Series
Título Confabuladores
606 ## - Término temático usado como materia
Elemento de entrada Cuentos mexicanos
Subdivisión cronológica Siglo XX
Número Koha 81
660 ## - Código de área geográfica
Código MX
700 ## - Nombre personal - Responsabilidad primaria
Elemento de entrada Samperio
Parte del nombre distinta del elemento de entrada Guillermo
Fechas 1948-2016
Número Koha 1879
702 ## - Nombre personal - Responsabilidad secundaria
Elemento de entrada Campos Álvarez Tostado
Parte del nombre distinta del elemento de entrada Marco Antonio Francisco
Fechas 1949-
Número Koha 1311
702 ## - Nombre personal - Responsabilidad secundaria
Elemento de entrada Lara Zavala
Parte del nombre distinta del elemento de entrada Hernán
Fechas 1946-
Número Koha 1880
801 #0 - Fuente de origen
Agencia cm
900 ## -
-- 1/1218
900 ## -
-- 7100113000\020101
942 ## - ELEMENTOS DE ENTRADA SECUNDARIOS (KOHA)
Tipo de ítem Koha Livre
996 ## -
-- MEX
-- 751145101
-- MMAG
-- 012151
-- 863.4 S192C
-- 20250121LIV
Exemplaires
Estatus retirado Estado de daño Estado de pérdida Fecha de adquisición Biblioteca de origen Biblioteca actual Ubicación en estantería Código de barras Precio de reemplazo Signatura topográfica completa No para préstamo Tipo de ítem Koha Nota pública Nota no pública
      05/08/2025 Casa México Paris Casa México Paris   012151 05/08/2025 863.4 S192C   Livre 20250121LIV 751145101